[Event "SVK-ch rapid"]
[Site "Topolcany"]
[Date "2020.07.11"]
[Round "1"]
[White "Terbe, Julianna"]
[Black "Varga, Marcell"]
[Result "1-0"]
[WhiteElo "2182"]
[BlackElo "1685"]
[PlyCount "101"]
[EventDate "2020.07.11"]
[EventType "swiss (rapid)"]
[EventRounds "9"]
[EventCountry "SVK"]
[SourceTitle "CBM 197 Extra"]
[Source "ChessBase"]
[SourceDate "2020.09.30"]
[SourceVersion "1"]
[SourceVersionDate "2020.09.30"]
[SourceQuality "1"]

1. d4 d5 2. Nf3 e6 3. Bf4 Nf6 4. e3 c5 5. Nbd2 Qb6 6. dxc5 Bxc5 7. Nb3 Bd6 8. Bxd6 Qxd6 9. c4 Qb4+ 10. Qd2 Nc6 11. cxd5 Nxd5 12. Be2 Bd7 13. 0-0 Qxd2 14. Nfxd2 b6 15. Rac1 Ke7 16. a3 Rac8 17. Ba6 Rc7 18. e4 Nf6 19. Nd4 Bc8 20. Rxc6 Rxc6 21. Nxc6+ Kd6 22. Bxc8 Rxc8 23. e5+ Kxc6 24. Rc1+ Kd7 25. Rxc8 Kxc8 26. exf6 gxf6 27. Kf1 Kd7 28. Ke2 Kc6 29. Kd3 Kd5 30. Ne4 Ke5 31. g3 h5 32. f4+ Kf5 33. Nd6+ Kg4 34. Nxf7 Kh3 35. Ke3 Kxh2 36. Kf3 Kh3 37. Nd8 e5 38. fxe5 fxe5 39. Ne6 e4+ 40. Kxe4 Kxg3 41. a4 h4 42. Nf4 Kg4 43. b4 a6 44. Ke3 Kf5 45. Nd5 h3 46. Kf3 Ke5 47. Nxb6 Kd6 48. Nc4+ Kd5 49. b5 axb5 50. axb5 Kc5 51. b6 1-0

[Event "SVK-ch rapid"]
[Site "Topolcany"]
[Date "2020.07.11"]
[Round "6"]
[White "Varga, Marcell"]
[Black "Molnar, Erno"]
[Result "1-0"]
[WhiteElo "1685"]
[BlackElo "1978"]
[PlyCount "85"]
[EventDate "2020.07.11"]
[EventType "swiss (rapid)"]
[EventRounds "9"]
[EventCountry "SVK"]
[SourceTitle "CBM 197 Extra"]
[Source "ChessBase"]
[SourceDate "2020.09.30"]
[SourceVersion "1"]
[SourceVersionDate "2020.09.30"]
[SourceQuality "1"]

1. c4 e5 2. Nf3 Nc6 3. Nc3 Nf6 4. d3 Bb4 5. Bd2 0-0 6. a3 Bxc3 7. Bxc3 Re8 8. e4 d6 9. b4 Ne7 10. g3 Ng6 11. h3 c6 12. Bg2 d5 13. Qe2 d4 14. Bd2 h6 15. 0-0 Be6 16. Rfb1 Qd7 17. Kh2 Nh7 18. a4 f6 19. b5 Ng5 20. Ng1 c5 21. a5 Rad8 22. Rf1 Nh7 23. a6 b6 24. f4 exf4 25. gxf4 Bf7 26. Qf2 Kh8 27. Rae1 Rg8 28. Qg3 Ngf8 29. Nf3 g5 30. fxg5 hxg5 31. e5 f5 32. Nxg5 Nxg5 33. Bxg5 Nh7 34. e6 Bxe6 35. Qe5+ Rg7 36. Bxd8 Qxd8 37. Qxe6 Qg5 38. Qe2 Qg3+ 39. Kh1 Ng5 40. Qf2 Qxd3 41. Qh4+ Kg8 42. Bd5+ Kf8 43. Qh8+ 1-0

[Event "HUN-chT U18"]
[Site "Hajduboszormeny"]
[Date "2016.11.04"]
[Round "4.58"]
[White "Balogh, Akos"]
[Black "Varga, Marcell"]
[Result "1/2-1/2"]
[WhiteElo "1772"]
[BlackElo "1829"]
[PlyCount "48"]
[EventDate "2016.11.02"]
[EventType "team-swiss"]
[EventRounds "8"]
[EventCountry "HUN"]
[SourceTitle "CBM 175 Extra"]
[Source "ChessBase"]
[SourceDate "2016.12.12"]
[SourceVersion "1"]
[SourceVersionDate "2016.12.12"]
[SourceQuality "1"]

1. d4 d5 2. c4 c6 3. Nf3 Nf6 4. Nc3 e6 5. Bg5 Be7 6. e3 0-0 7. Bd3 Nbd7 8. 0-0 dxc4 9. Bxc4 b5 10. Be2 Bb7 11. a3 a6 12. b4 Nd5 13. Bxe7 Qxe7 14. Nxd5 cxd5 15. Rc1 Rfc8 16. Qd2 f6 17. Rxc8+ Rxc8 18. Rc1 Qe8 19. Rc3 Nb6 20. Rc5 Na4 21. Rxc8 Qxc8 22. Bd1 Nb6 23. Ne1 Nc4 24. Qc3 Kf7 1/2-1/2

[Event "HUN-chT2 Barcza 1516"]
[Site "Hungary"]
[Date "2016.03.20"]
[Round "9.10"]
[White "Zelena, Tamas"]
[Black "Varga, Marcell"]
[Result "1-0"]
[WhiteElo "1922"]
[BlackElo "1751"]
[PlyCount "115"]
[EventDate "2015.09.13"]
[EventType "team-tourn"]
[EventRounds "11"]
[EventCountry "HUN"]
[SourceTitle "EXT 2017"]
[Source "ChessBase"]
[SourceDate "2016.10.25"]
[SourceVersion "1"]
[SourceVersionDate "2016.10.25"]
[SourceQuality "1"]
[WhiteTeam "Miskolc KisBocsok"]
[BlackTeam "Nyiregyhaza"]
[WhiteTeamCountry "HUN"]
[BlackTeamCountry "HUN"]

1. e4 e5 2. Nc3 Nf6 3. f4 d6 4. Nf3 Bg4 5. h3 Bxf3 6. Qxf3 Nbd7 7. Bc4 Be7 8. d3 Nb6 9. Bb3 Nfd7 10. 0-0 0-0 11. Be3 exf4 12. Qxf4 Bf6 13. d4 Qe7 14. a4 a5 15. Rae1 h6 16. Qg4 Bg5 17. Bxg5 Qxg5 18. Qxg5 hxg5 19. Rf5 c5 20. dxc5 Nxc5 21. Rxg5 Rae8 22. Rd1 Nxe4 23. Nxe4 Rxe4 24. Rxa5 Nc4 25. Bxc4 Rxc4 26. c3 Rd8 27. Rad5 Rc6 28. R1d4 Kf8 29. Kf2 Ke7 30. Ke3 Ra8 31. Rb5 Ra7 32. Rdb4 b6 33. Rxb6 Rxb6 34. Rxb6 Rxa4 35. Rb4 Ra1 36. Kd3 Rf1 37. Rg4 g6 38. b4 Rb1 39. Kc4 Rb2 40. Kb5 Kd7 41. Kb6 Rb3 42. Rc4 Rb2 43. g4 Rh2 44. b5 Rxh3 45. Ka7 Rh1 46. b6 Ra1+ 47. Kb8 f5 48. gxf5 gxf5 49. Rc7+ Kd8 50. Ra7 Rc1 51. b7 Rxc3 52. Ka8 Rb3 53. b8Q+ Rxb8+ 54. Kxb8 Ke8 55. Kc8 f4 56. Rd7 f3 57. Rxd6 f2 58. Rf6 1-0

[Event "HUN-ch U14"]
[Site "Balatonlelle"]
[Date "2015.06.23"]
[Round "8"]
[White "Varga, Marcell"]
[Black "Kaloczi, Kristof"]
[Result "1-0"]
[WhiteElo "1478"]
[BlackElo "1781"]
[PlyCount "91"]
[EventDate "2015.06.18"]
[EventType "swiss"]
[EventRounds "9"]
[EventCountry "HUN"]
[SourceTitle "CBM 167 Extra"]
[Source "ChessBase"]
[SourceDate "2015.09.14"]
[SourceVersion "1"]
[SourceVersionDate "2015.09.14"]
[SourceQuality "1"]

1. e4 c5 2. Nf3 d6 3. d4 cxd4 4. Nxd4 Nf6 5. Nc3 a6 6. Be2 e5 7. Nf3 Be7 8. 0-0 0-0 9. Bg5 Be6 10. Bxf6 Bxf6 11. Nd5 Be7 12. Qd2 Bxd5 13. Qxd5 Qc7 14. c3 Nd7 15. Qd2 Nc5 16. Bd3 d5 17. Qc2 f5 18. exd5 Nxd3 19. Qxd3 e4 20. d6 Qxd6 21. Qxd6 Bxd6 22. Nd4 Be5 23. Rad1 g6 24. Rfe1 Rfe8 25. f3 exf3 26. Nxf3 Bf6 27. Kf2 Rxe1 28. Kxe1 Re8+ 29. Kf2 Kf7 30. Rd7+ Re7 31. Rxe7+ Kxe7 32. Ke3 g5 33. Nd4 Bxd4+ 34. Kxd4 Kd6 35. a4 h5 36. b4 h4 37. c4 g4 38. Ke3 Ke5 39. g3 hxg3 40. hxg3 b6 41. a5 bxa5 42. bxa5 f4+ 43. gxf4+ Kf5 44. c5 g3 45. c6 g2 46. Kf2 1-0

[Event "HUN-chT2 Barcza 1415"]
[Site "Hungary"]
[Date "2015.01.25"]
[Round "?"]
[White "Varga, Marcell"]
[Black "Boka, Zoltan"]
[Result "0-1"]
[WhiteElo "1396"]
[BlackElo "1869"]
[PlyCount "136"]
[EventDate "2014.09.07"]
[EventType "team-tourn"]
[EventRounds "11"]
[EventCountry "HUN"]
[SourceTitle "EXT 2016"]
[Source "ChessBase"]
[SourceDate "2015.10.08"]
[SourceVersion "1"]
[SourceVersionDate "2015.10.08"]
[SourceQuality "1"]
[WhiteTeam "Nyiregyhaza"]
[BlackTeam "Hajduszoboszlo"]
[WhiteTeamCountry "HUN"]
[BlackTeamCountry "HUN"]

1. e4 c5 2. Nf3 Nc6 3. d4 cxd4 4. Nxd4 e6 5. Nc3 a6 6. a3 Qc7 7. Be3 Nf6 8. Be2 Be7 9. 0-0 d6 10. Qd2 Bd7 11. Rad1 Rc8 12. Nb3 0-0 13. Bg5 Ne5 14. Bxf6 gxf6 15. f4 Nc4 16. Bxc4 Qxc4 17. Qd3 Qxd3 18. Rxd3 Kh8 19. f5 Rc6 20. Rf4 b5 21. Rh3 Rg8 22. Rd3 Rc7 23. Rf2 Bc8 24. Nd4 Rc4 25. b4 Bd7 26. h3 Rgc8 27. Nde2 Bc6 28. Nd4 Bd7 29. Nde2 a5 30. bxa5 Ra8 31. Rd4 Rxa5 32. Rxc4 bxc4 33. a4 Bxa4 34. Nxa4 Rxa4 35. c3 d5 36. Rf4 Bc5+ 37. Kh1 Ra1+ 38. Kh2 Bd6 39. exd5 exd5 40. g3 Bxf4 41. Nxf4 Ra2+ 42. Kg1 Ra5 43. Kf2 d4 44. cxd4 Rxf5 45. d5 Kg8 46. Ke3 Re5+ 47. Kd4 c3 48. Kxc3 Re3+ 49. Kd4 Rxg3 50. Ke4 Kf8 51. Kf5 Rf3 52. Kg4 Rf1 53. Kf5 Ke7 54. Ke4 Kd6 55. Kf5 Rf2 56. Ke4 Ke7 57. Kf5 h6 58. Ke4 Rf1 59. Kf5 Kd6 60. Ke4 Kc5 61. Nd3+ Kc4 62. Nf4 Rf2 63. Ke3 Rf1 64. Ke4 f5+ 65. Kxf5 Kd4 66. d6 Ke3 67. d7 Rxf4+ 68. Ke5 Rd4 0-1